<?xml version="1.0" encoding="UTF-8"?>
<marc:record xmlns:marc="http://www.loc.gov/MARC21/slim">
   <marc:leader>00000nam a2200000 a 4500</marc:leader>
   <marc:datafield ind1="1" ind2=" " tag="100">
      <marc:subfield code="a">Gauld, Tom</marc:subfield>
      <marc:subfield code="4">aut</marc:subfield>
      <marc:subfield code="e">Verfasser/-in</marc:subfield>
   </marc:datafield>
   <marc:datafield ind1="0" ind2="0" tag="245">
      <marc:subfield code="a">Der kleine Holzroboter und die Baumstumpfprinzessin</marc:subfield>
   </marc:datafield>
   <marc:datafield ind1=" " ind2="1" tag="264">
      <marc:subfield code="b">Moritz-Verlag</marc:subfield>
      <marc:subfield code="c">2022</marc:subfield>
   </marc:datafield>
   <marc:datafield ind1="1" ind2=" " tag="520">
      <marc:subfield code="a">Die größte Sehnsucht des Königspaars? Ein Kind! Ihr Wunsch geht in Form eines Holzroboters und einer verzauberten Prinzessin gleich doppelt in Erfüllung. So weit, so wunderbar – doch wie immer im Märchen gilt es eine Hürde zu überwinden: Die Prinzessin verwandelt sich allabendlich zurück in ein Stück Holz und muss am Morgen von ihrem Bruder per Zauberspruch geweckt werden. Leider vergisst er es ein einziges Mal – da landet sie auf einem Berg von Holzklötzen und wird per Schiff in den eisigen Norden verfrachtet.
</marc:subfield>
   </marc:datafield>
   <marc:datafield ind1=" " ind2=" " tag="020">
      <marc:subfield code="a">9783895654305</marc:subfield>
      <marc:subfield code="9">9783895654305</marc:subfield>
   </marc:datafield>
</marc:record>
